| 000 | 00520nam a22001817a 4500 | ||
|---|---|---|---|
| 005 | 20231101140805.0 | ||
| 008 | 231101b |||||||| |||| 00| 0 eng d | ||
| 020 | _a409028215 | ||
| 041 | _aAfrikaans | ||
| 082 | _a346.7 FLE | ||
| 100 |
_aFlemming, HCJ _lAfrikaans |
||
| 245 |
_aHuurkoopreg / _cHCJ Flemming |
||
| 250 | _aTweede Uitgawe | ||
| 260 |
_aDurban : _bButterworths, _c1974 |
||
| 300 |
_bxxxiv, 304 pages ; _c25, 7 cm. |
||
| 650 |
_aLegal practice _bLaw |
||
| 942 |
_cBK _6ALISON_BN_VRIES |
||
| 999 |
_c229 _d229 |
||